| 000 | 01421nam a22002777a 4500 | ||
|---|---|---|---|
| 001 | EPSA 0301 | ||
| 003 | gtcocun | ||
| 005 | 20250903195525.0 | ||
| 006 | a||||gr|||| 00| 0 | ||
| 007 | ta | ||
| 008 | 250903b2025 gt ||||| m||| 00| 0 eng d | ||
| 040 |
_agtcocun _bSPA _cgtcocun _eRDA |
||
| 041 | _aSPA EPSA 0301 | ||
| 084 | _0EPSA 0301 | ||
| 100 |
_aLaj Yat, Gilmar Estuardo _eAutor |
||
| 245 |
_aINFORME FINAL DEL EJERCICIO PROFESIONAL SUPERVIADO, REALIZADO EN TRANSPORTES SAMAYOA, SAN CRISTOBAL VERAPAZ, ALTA VERAPAZ/ _cGilmar Estuardo Laj Yat _hImpreso |
||
| 264 |
_aCobán, Alta Verapaz: _bUniversidad de San Carlos de Guatemala, Centro Universitario del Norte, Licenciatura en Administración de Empresas _c2025 |
||
| 300 |
_a72 p.: _bIlustraciones, gráficas. _c28 cm; |
||
| 502 | _eEPSA 0301 | ||
| 502 |
_aEjercicio Profesional Supervisado _bLicenciatura en Administración de Empresas, _cUniversidad de San Carlos de Guatemala, Centro Universitario del Norte, Licenciatura en Administración de Empresas _d2025 _oEPSA 0301 |
||
| 650 |
_2LEMB _aSan Cristóbal Verapaz, Alta Verapaz _xAdministración _xPotenciación _xIdentificación _xOportunidades _xCrecimiento _xExpansión _xInnovación _xProyecto |
||
| 700 |
_aLcda. Sayda Lisbeth Lem Hernández _eAsesor |
||
| 856 |
_uSin archivo en línea _zSin archivo en línea |
||
| 942 |
_2ddc _cTES _iEPSA 0301 _kClasificación _n0 _6EPSA_0301_000000000000000 |
||
| 999 |
_c1669 _d1669 |
||